[Event "Medellin Amateur op"]
[Site "Medellin"]
[Date "2011.04.21"]
[Round "3.30"]
[White "Sierra Gil, Maria Alejandra"]
[Black "Vasquez Ayola, John"]
[Result "0-1"]
[WhiteElo "1600"]
[BlackElo "1768"]
[PlyCount "40"]
[EventDate "2011.04.20"]
[EventType "swiss"]
[EventRounds "9"]
[EventCountry "COL"]
[SourceTitle "EXT 2024"]
[Source "ChessBase"]
[SourceDate "2023.10.10"]
[SourceVersion "1"]
[SourceVersionDate "2023.10.10"]
[SourceQuality "1"]

1. e4 c6 2. Nf3 d5 3. d3 Bg4 4. Be2 e6 5. 0-0 Nf6 6. Be3 dxe4 7. dxe4 Qxd1 8. Rxd1 Nxe4 9. Rd4 Nf6 10. Nc3 Nbd7 11. Rad1 Bc5 12. R4d3 Bf5 13. R3d2 Bxe3 14. fxe3 0-0-0 15. Rd4 Bxc2 16. Ng5 Ne5 17. Rxd8+ Rxd8 18. Rxd8+ Kxd8 19. Bf3 h6 20. Nce4 hxg5 0-1